• 首页
  • 本馆介绍
  • 公告通知
  • 最新文献
  • 馆藏检索
  • 电子资源
  • 读者导购
  • 参考咨询
  • 我的图书馆
  • 登录
  • 详细信息显示
  • 放入我的书架
  • 预约/预借图书
  • 作者相关作品
  • 分类相关作品
  • 丛书相关作品
  • 出版社相关作品

书目信息

  • 表格格式
  • 工作单格式
  • 卡片格式
题名:
中国材料工程大典
    
 
作者: ;益小苏 , 杜善义 , 张立同 卷主编 ;中国机械工程学会 , 中国材料研究学会 编
分册: 第10卷   复合材料工程
出版信息: 北京   化学工业出版社  2006
页数: 16,1044页
开本: 31cm
丛书名:
单 册:
中图分类: TB3 , TB33
科图分类:
主题词: 工程材料 , 复合材料
电子资源:
ISBN: 7-5025-7312-7
000 01411nam0 2200325 45
001 012004037443
005 20080303092304.90
009 012004037443
010    @a7-5025-7312-7@b精装@dCNY160.00
035    @a(110017)062002041134
100    @a20060515d2006 em y0chiy0110 ea
101 0  @achi
102    @aCN@b110000
105    @aa z 000yy
106    @ar
200 1  @a中国材料工程大典@Azhong guo cai liao gong cheng da dian@h第10卷@i复合材料工程@f中国机械工程学会, 中国材料研究学会, 中国材料工程大典编委会[编]@g益小苏, 杜善义, 张立同[本卷]主编
210    @a北京@c化学工业出版社@d2006
215    @a16,1044页@c彩照,图@d31cm
330    @a本书主要内容包括复合材料用增强体材料、聚合基体材料、纺织复合材料、复合材料界面、工业聚合物基复合材料与玻璃钢、先进树脂基复合材料、热塑性聚合物基复合材料、金属基复合材料、陶瓷(玻璃)基复合材料、碳基复合材料、水泥基复合材料、复合材料力学问题设计、复合材料结构设计与分析、复合材料性能试验、表征与质量控制、功能复合材料与新型复合材料等。
606 0  @a工程材料
606 0  @a复合材料
690    @aTB3@v4
690    @aTB33@v4
702  0 @a益小苏@Ayi xiao su@4卷主编
702  0 @a杜善义@Adu shan yi@4卷主编
702  0 @a张立同@Azhang li tong@4卷主编
711 02 @a中国机械工程学会@Azhong guo ji xie gong cheng xue hui@4编
711 02 @a中国材料研究学会@Azhong guo cai liao yan jiu xue hui@4编
801  0 @aCN@b110017@c20080303
905    @dTB3@e183:10@f10
    
    中国材料工程大典.第10卷.复合材料工程/中国机械工程学会, 中国材料研究学会, 中国材料工程大典编委会[编]/益小苏, 杜善义, 张立同[本卷]主编.-北京:化学工业出版社,2006
    16,1044页:彩照,图;31cm
    
    
    ISBN 7-5025-7312-7(精装):CNY160.00
    本书主要内容包括复合材料用增强体材料、聚合基体材料、纺织复合材料、复合材料界面、工业聚合物基复合材料与玻璃钢、先进树脂基复合材料、热塑性聚合物基复合材料、金属基复合材料、陶瓷(玻璃)基复合材料、碳基复合材料、水泥基复合材料、复合材料力学问题设计、复合材料结构设计与分析、复合材料性能试验、表征与质量控制、功能复合材料与新型复合材料等。
●
相关链接 在E读中查询图书 在五车中查询图书 在当当中查询图书 在豆瓣中查询图书


正题名:中国材料工程大典     索取号:TB3/183:10         预约/预借

序号 登录号 条形码 馆藏地/架位号 状态 备注
1 0619925   206199255   第二样本阅览室/ [索取号:TB3/183:10] 在馆    
2 0619926   206199264   第三借阅区/ [索取号:TB3/183:10] 在馆    
唐山师范学院图书馆 欢迎您!
大连网信软件有限公司© 版权所有